000 00683nam a2200265Ia 4500
005 20260121173511.0
008 008 260114s9999 xx 000 0 eng d
020 _a9789811954504
037 _aEBOOK
040 _aCRL
040 _beng
040 _cCRL
041 _2eng
041 _aeng
084 _qCRL
100 _aZiye Zhang, Zhen Wang, Jian Chen, Chong Lin
_91101644
245 0 _aComplex-Valued Neural Networks Systems with Time Delay
260 _bSpringer
260 _bSpringer
260 _c2022
856 _uhttps://link.springer.com/openurl?genre=book&isbn=978-981-19-5450-4
942 _cEBOOK
999 _c1667389
_d1667389